Der Christliche Glaube : nach den Grundsatzen der Evangelischen Kirche im Zusammenhange Dargestellt

Αποθηκεύτηκε σε:
Λεπτομέρειες βιβλιογραφικής εγγραφής
Κύριος συγγραφέας: Schleiermacher, Friedrich, 1768-1834
Μορφή: Βιβλίο
Γλώσσα:German
Δημοσίευση: Berlin : Walter De Gruyter, 1960
Έκδοση:7η έκδ.
Θέματα:
Ετικέτες: Προσθήκη ετικέτας
Δεν υπάρχουν, Καταχωρήστε ετικέτα πρώτοι!

MARC

LEADER 00000cam a2200000 i 4500
001 1/30882
008 060607m1960 ger d
035 |l 10084263 
040 |a GR-MY-UA  |b gre  |e aacr 
041 0 |a ger 
082 0 |a 230.01  |2 (22) 
100 1 |a Schleiermacher, Friedrich,   |d 1768-1834. 
245 1 4 |a Der Christliche Glaube :  |b nach den Grundsatzen der Evangelischen Kirche im Zusammenhange Dargestellt /  |c Friedrich Schleiermacher 
250 |a 7η έκδ. 
260 |a Berlin :   |b Walter De Gruyter,   |c 1960 
300 |a 2 τ.;  |c 24 εκ. 
504 |a Περιλαμβάνει βιβλιογραφικές αναφορές και ευρετήρια 
650 0 0 |a Theology, Doctrinal. 
852 |a INST  |b RHODES  |c KRI  |e 20060607  |h  230.01 SCH  |p 005400020977  |q 005400020977  |t BK  |y 0 
852 |a INST  |b RHODES  |c KRI  |e 20060607  |h  230.01 SCH  |p 005400020986  |q 005400020986  |t BK  |y 0 
901 |a BIBL4-2006-2 
909 |a Ρ  |b 123543 
909 |a Ρ  |b 123553 
970 |a ΚΟΖΑ  |b ΜΑΡΙΑ  |z 2006/06/07